000 00293nam a2200121Ia 4500
008 190216s9999||||xx |||||||||||||| ||und||
100 _aVijayalaksmi Pub
245 0 _aConstitution Of India
260 _bVijayalakshmi Pub
_c1992
300 _a284p
650 _aPolitical Science
942 _cBK
999 _c34871
_d34871